[Event "RSA-chT Regions"]
[Site "Boksburg"]
[Date "2020.01.10"]
[Round "3.2"]
[White "Mazibuko, Khanya"]
[Black "Zwakala, Ntando"]
[Result "1-0"]
[WhiteElo "1952"]
[BlackElo "2093"]
[PlyCount "115"]
[EventDate "2020.01.09"]
[EventType "team-swiss"]
[EventRounds "7"]
[EventCountry "RSA"]
[SourceTitle "CBM 194 Extra"]
[Source "ChessBase"]
[SourceDate "2020.03.31"]
[SourceVersion "1"]
[SourceVersionDate "2020.03.31"]
[SourceQuality "1"]
[WhiteTeam "GTP Juniors"]
[BlackTeam "Johannesburg Black Bishops"]
[WhiteTeamCountry "RSA"]
[BlackTeamCountry "RSA"]

1. d4 Nf6 2. c4 e6 3. g3 d5 4. Bg2 Be7 5. Nf3 0-0 6. 0-0 dxc4 7. Qc2 a6 8. Qxc4 b5 9. Qc2 Bb7 10. Bd2 Nc6 11. e3 Nb4 12. Bxb4 Bxb4 13. a3 Be4 14. Qc1 Be7 15. Nbd2 Bd5 16. Qc2 b4 17. Rfc1 bxa3 18. bxa3 Ra7 19. Ne5 Bxg2 20. Kxg2 Rb7 21. Nc6 Qd7 22. Qc4 Ra8 23. e4 Bf8 24. f3 h5 25. h4 g6 26. a4 Bh6 27. Rc2 Bxd2 28. Rxd2 Qe8 29. Rc2 Qf8 30. Qc3 Qg7 31. Qe3 Kh7 32. Rac1 Ne8 33. g4 hxg4 34. fxg4 Qh6 35. Qf3 Kg7 36. Rf1 f6 37. Kg3 Qh8 38. e5 Qf8 39. g5 f5 40. h5 f4+ 41. Qxf4 Rb3+ 42. Kh4 Qf5 43. h6+ Kh7 44. Qxf5 exf5 45. Rfc1 Rd3 46. Rc3 Rd2 47. Kg3 a5 48. Rc5 Ra6 49. Rxa5 Rd3+ 50. Kf2 Rxa5 51. Nxa5 Rxd4 52. Rc4 Rd2+ 53. Kf3 Rd3+ 54. Kf4 Rh3 55. e6 Kg8 56. Rd4 Rh4+ 57. Ke5 Rh2 58. Nc6 1-0

[Event "RSA-chT Regions"]
[Site "Boksburg"]
[Date "2020.01.09"]
[Round "2.2"]
[White "Zwakala, Ntando"]
[Black "Schnabel, Johann Emil"]
[Result "1-0"]
[WhiteElo "2093"]
[BlackElo "1784"]
[PlyCount "89"]
[EventDate "2020.01.09"]
[EventType "team-swiss"]
[EventRounds "7"]
[EventCountry "RSA"]
[SourceTitle "CBM 194 Extra"]
[Source "ChessBase"]
[SourceDate "2020.03.31"]
[SourceVersion "1"]
[SourceVersionDate "2020.03.31"]
[SourceQuality "1"]
[WhiteTeam "Johannesburg Black Bishops"]
[BlackTeam "Western Province Youth"]
[WhiteTeamCountry "RSA"]
[BlackTeamCountry "RSA"]

1. e4 c5 2. Nf3 Nc6 3. Bb5 g6 4. 0-0 Bg7 5. c3 Nf6 6. Re1 0-0 7. d4 cxd4 8. cxd4 d5 9. e5 Ne4 10. Nc3 Bf5 11. Be3 Nxc3 12. bxc3 Rc8 13. Rc1 Qa5 14. Qb3 Rfd8 15. h3 h6 16. c4 a6 17. Bxc6 bxc6 18. Bd2 Qc7 19. Qa3 Qb7 20. Ba5 Rd7 21. g4 Be6 22. Rb1 Qa8 23. c5 Rb7 24. Rb6 Rxb6 25. cxb6 Qb7 26. Nd2 c5 27. Nb3 cxd4 28. Nc5 Qc6 29. b7 Rb8 30. Qb4 Bc8 31. bxc8Q+ Rxc8 32. Nd3 Qc2 33. Rc1 Qxd3 34. Rxc8+ Kh7 35. Qd2 Qxh3 36. Qxd4 Qh4 37. Qf4 e6 38. Bd8 Qh3 39. Bf6 Bxf6 40. exf6 Qd3 41. Rc7 Qd1+ 42. Kh2 g5 43. Rxf7+ Kg8 44. Rg7+ Kh8 45. Qb8# 1-0

[Event "Sandton SWVG rapid op"]
[Site "Sandton"]
[Date "2019.05.18"]
[Round "6"]
[White "Cawdery, Daniel"]
[Black "Zwakala, Ntando"]
[Result "1/2-1/2"]
[WhiteElo "2369"]
[BlackElo "2088"]
[PlyCount "25"]
[EventDate "2019.05.18"]
[EventType "swiss (rapid)"]
[EventRounds "10"]
[EventCountry "RSA"]
[SourceTitle "CBM 190 Extra"]
[Source "ChessBase"]
[SourceDate "2019.07.15"]
[SourceVersion "1"]
[SourceVersionDate "2019.07.15"]
[SourceQuality "1"]

1. e4 e5 2. Nf3 Nc6 3. Bb5 a6 4. Ba4 d6 5. 0-0 Bd7 6. c3 g6 7. d4 Bg7 8. dxe5 Nxe5 9. Nxe5 dxe5 10. Be3 Nf6 11. Nd2 0-0 12. Bxd7 Qxd7 13. f3 1/2-1/2

[Event "RSA Inter Regional-ch"]
[Site "Boksburg"]
[Date "2018.12.11"]
[Round "6.2"]
[White "Zwakala, Ntando"]
[Black "Naidu, Sayen"]
[Result "1-0"]
[WhiteElo "2048"]
[BlackElo "1877"]
[PlyCount "121"]
[EventDate "2018.01.09"]
[EventType "team-swiss"]
[EventRounds "7"]
[EventCountry "RSA"]
[SourceTitle "CBM 189 Extra"]
[Source "ChessBase"]
[SourceDate "2019.06.03"]
[SourceVersion "1"]
[SourceVersionDate "2019.06.03"]
[SourceQuality "1"]
[WhiteTeam "West Rand Young Minds"]
[BlackTeam "Tshwane Rebels"]
[WhiteTeamCountry "RSA"]
[BlackTeamCountry "RSA"]

1. e4 e5 2. Nf3 Nc6 3. Bb5 a6 4. Ba4 Nf6 5. 0-0 b5 6. Bb3 Be7 7. Re1 0-0 8. h3 d5 9. exd5 Nxd5 10. Nxe5 Nxe5 11. Rxe5 Bb7 12. Qf3 c6 13. d3 Bd6 14. Re1 Re8 15. Be3 Qe7 16. Nc3 Nxc3 17. bxc3 c5 18. Bd5 Bxd5 19. Qxd5 Rad8 20. Qf5 g6 21. Qg5 f6 22. Qd5+ Kh8 23. Kf1 Qc7 24. Qf3 Be5 25. d4 cxd4 26. Bxd4 Bxd4 27. Rxe8+ Rxe8 28. cxd4 Qc4+ 29. Kg1 Qxd4 30. Rd1 Qe5 31. Qb7 Re7 32. Qxa6 Kg7 33. Rb1 Rc7 34. a4 bxa4 35. Qxa4 Qc3 36. Rd1 Qxc2 37. Rd7+ Kg8 38. Qa8+ Rc8 39. Qd5+ Kh8 40. g3 Qc1+ 41. Kh2 Rf8 42. Qd6 Qh6 43. Kg2 g5 44. Qc5 Kg8 45. Rd4 Qg6 46. h4 h6 47. Qc4+ Kh8 48. Rd1 Kg7 49. Qc7+ Rf7 50. Qc4 Rf8 51. Rd7+ Rf7 52. Rd4 Rf8 53. Qe2 h5 54. hxg5 fxg5 55. Rd5 Re8 56. Qb5 Kh6 57. Rxg5 Qe4+ 58. Kh2 Qf3 59. Rf5 Qe2 60. Rf6+ Kh7 61. Qg5 1-0

[Event "RSA Inter Regional-ch"]
[Site "Boksburg"]
[Date "2018.01.10"]
[Round "4.2"]
[White "Zwakala, Ntando"]
[Black "De Abreu, Roberto N"]
[Result "0-1"]
[WhiteElo "2048"]
[BlackElo "2101"]
[PlyCount "178"]
[EventDate "2018.01.09"]
[EventType "team-swiss"]
[EventRounds "7"]
[EventCountry "RSA"]
[SourceTitle "CBM 189 Extra"]
[Source "ChessBase"]
[SourceDate "2019.06.03"]
[SourceVersion "1"]
[SourceVersionDate "2019.06.03"]
[SourceQuality "1"]
[WhiteTeam "West Rand Young Minds"]
[BlackTeam "JHB Metro Lions"]
[WhiteTeamCountry "RSA"]
[BlackTeamCountry "RSA"]

1. Nf3 Nf6 2. c4 c5 3. Nc3 d5 4. cxd5 Nxd5 5. e4 Nxc3 6. bxc3 g6 7. d4 Bg7 8. Bb5+ Nc6 9. 0-0 0-0 10. Be3 Bg4 11. d5 Ne5 12. Be2 Nxf3+ 13. Bxf3 Bxf3 14. Qxf3 Qa5 15. Bd2 Rfd8 16. Rfe1 c4 17. a4 Rd6 18. Reb1 Rb6 19. Rb4 Qxb4 20. cxb4 Bxa1 21. h4 Rc8 22. Bc3 Bxc3 23. Qxc3 Rd6 24. h5 gxh5 25. Kf1 h4 26. Ke2 Rg6 27. b5 a6 28. e5 axb5 29. axb5 Rc5 30. Kf1 b6 31. f3 Rg5 32. Kf2 Rxd5 33. Qxc4 Rgxe5 34. Qg4+ Rg5 35. Qc8+ Kg7 36. Qc3+ f6 37. Qc7 Kf7 38. Qc4 Kg6 39. Qe4+ Kf7 40. Qxh7+ Ke8 41. Qh8+ Kd7 42. Qxh4 Rxb5 43. Qa4 Ke8 44. g4 Kf8 45. Kg3 Rbc5 46. Qa8+ Kf7 47. Qa2+ Rgd5 48. Qb1 b5 49. Qh7+ Ke6 50. Qg8+ Kd7 51. Qb8 Rc3 52. Qb7+ Ke6 53. Qa6+ Kf7 54. Qa2 Rc4 55. Qb3 Rdc5 56. Kh4 b4 57. Qa2 Kg7 58. Qb3 Rc7 59. Qb2 Rb7 60. Qb3 Rc3 61. Qd5 Rcc7 62. Qb3 Rc5 63. f4 Rbb5 64. f5 Rc3 65. Qb2 Rb8 66. g5 Rb5 67. Qe2 Re5 68. gxf6+ Kxf6 69. Qg4 Rxf5 70. Qxb4 Rcf3 71. Qb6+ Kf7 72. Kg4 R5f4+ 73. Kg5 Rf6 74. Qb1 Rg3+ 75. Kh4 Rg2 76. Qb3+ Kg7 77. Qc3 Kh7 78. Qd3+ Rfg6 79. Kh3 e5 80. Qf5 R2g5 81. Qd7+ Rg7 82. Qd3+ Kh8 83. Qd8+ Kh7 84. Qd3+ R7g6 85. Qd7+ Kh6 86. Qd2 e4 87. Qe3 Kh7 88. Kh4 Rg1 89. Qxe4 Rh1+ 0-1

[Event "RSA Inter Regional-ch"]
[Site "Boksburg"]
[Date "2018.01.09"]
[Round "2.2"]
[White "Zwakala, Ntando"]
[Black "Marais, Coenraad Hendrik"]
[Result "1-0"]
[WhiteElo "2048"]
[BlackElo "1896"]
[PlyCount "55"]
[EventDate "2018.01.09"]
[EventType "team-swiss"]
[EventRounds "7"]
[EventCountry "RSA"]
[SourceTitle "CBM 189 Extra"]
[Source "ChessBase"]
[SourceDate "2019.06.03"]
[SourceVersion "1"]
[SourceVersionDate "2019.06.03"]
[SourceQuality "1"]
[WhiteTeam "West Rand Young Minds"]
[BlackTeam "Tshwane Chess II"]
[WhiteTeamCountry "RSA"]
[BlackTeamCountry "RSA"]

1. e4 c5 2. Nf3 g6 3. c3 Bg7 4. d4 cxd4 5. cxd4 d5 6. exd5 Nf6 7. Bb5+ Bd7 8. Bc4 b5 9. Bb3 a5 10. a3 0-0 11. 0-0 Na6 12. Ne5 Nc7 13. Qf3 Bf5 14. Nc3 b4 15. Nc6 Qd7 16. axb4 axb4 17. Rxa8 Nxa8 18. Na2 Be4 19. Qe2 Bxd5 20. Nxe7+ Kh8 21. Nxd5 Nxd5 22. Qf3 Nab6 23. Bd2 Qb5 24. Rd1 f5 25. h4 Nc4 26. Qd3 Ndb6 27. Bxb4 Rd8 28. Bc5 1-0

[Event "South African op"]
[Site "Durban"]
[Date "2017.07.18"]
[Round "7"]
[White "Zwakala, Ntando"]
[Black "Masiya, Mfundo"]
[Result "1/2-1/2"]
[WhiteElo "2020"]
[BlackElo "1806"]
[PlyCount "138"]
[EventDate "2017.07.14"]
[EventType "swiss"]
[EventRounds "11"]
[EventCountry "RSA"]
[SourceTitle "CBM 179 Extra"]
[Source "ChessBase"]
[SourceDate "2017.08.23"]
[SourceVersion "1"]
[SourceVersionDate "2017.08.23"]
[SourceQuality "1"]

1. e4 c5 2. c3 d5 3. exd5 Qxd5 4. d4 Nf6 5. Nf3 Bg4 6. Be2 e6 7. 0-0 Be7 8. Na3 cxd4 9. Nb5 Qd8 10. Nbxd4 0-0 11. h3 Bh5 12. Qb3 Qc8 13. Bg5 h6 14. Bh4 Nbd7 15. Rad1 Nc5 16. Qc4 a6 17. a4 Rd8 18. Rfe1 Nce4 19. g4 Bg6 20. Ne5 Bh7 21. Qxc8 Raxc8 22. Bd3 g5 23. Bg3 Nxg3 24. Bxh7+ Nxh7 25. fxg3 Nf6 26. Kg2 Kg7 27. Rd3 Bc5 28. Red1 Rd5 29. Nef3 Rcd8 30. R3d2 Kg8 31. Re2 b5 32. axb5 axb5 33. Rf1 Bxd4 34. Nxd4 Ne8 35. Nc6 R8d7 36. Ne5 Rc7 37. Ra1 Nd6 38. Nf3 Rb7 39. Ne5 Rc7 40. Ra8+ Kg7 41. h4 Nc4 42. Nf3 Rb7 43. Ra1 b4 44. b3 Nd6 45. c4 Rd3 46. Rd2 Rxd2+ 47. Nxd2 Kf6 48. Ra6 Ke7 49. Kf2 f5 50. c5 Nf7 51. gxf5 exf5 52. Nc4 gxh4 53. gxh4 Rc7 54. Ra5 Ke6 55. Ke3 Ne5 56. Nxe5 Kxe5 57. c6+ Kd6 58. Rxf5 Kxc6 59. Kd4 Kb6 60. Rf6+ Kb5 61. Rxh6 Rc3 62. Rh5+ Kb6 63. Re5 Rxb3 64. Kc4 Rh3 65. h5 Rh4+ 66. Kb3 Kc6 67. Rg5 Kd7 68. Ka4 Ke7 69. Rb5 Kf7 1/2-1/2

[Event "South African op"]
[Site "Durban"]
[Date "2017.07.15"]
[Round "2"]
[White "Essa, Naseem Ahmed"]
[Black "Zwakala, Ntando"]
[Result "1/2-1/2"]
[WhiteElo "1682"]
[BlackElo "2020"]
[PlyCount "205"]
[EventDate "2017.07.14"]
[EventType "swiss"]
[EventRounds "11"]
[EventCountry "RSA"]
[SourceTitle "EXT 2018"]
[Source "ChessBase"]
[SourceDate "2017.10.13"]
[SourceVersion "1"]
[SourceVersionDate "2017.10.13"]
[SourceQuality "1"]

1. c4 Nf6 2. g3 e6 3. Bg2 d5 4. Nf3 Be7 5. 0-0 0-0 6. Qc2 d4 7. d3 c5 8. a3 Nc6 9. b3 h6 10. Nbd2 e5 11. Bb2 Be6 12. Rad1 Qd7 13. Rfe1 Rad8 14. Nf1 Bf5 15. N3d2 Rfe8 16. Ne4 Nxe4 17. dxe4 Bg4 18. Qd3 a5 19. Nd2 Bd6 20. f3 Bh3 21. a4 Bc7 22. Ba3 Bd6 23. Nf1 Bxg2 24. Kxg2 Rf8 25. e3 f5 26. exf5 Rxf5 27. e4 Rf6 28. g4 Rdf8 29. Ng3 g6 30. Rf1 Qh7 31. h4 h5 32. g5 Rf4 33. Rh1 Nd8 34. Ne2 Ne6 35. Bc1 R4f7 36. Rdf1 Qg7 37. Bd2 Ra8 38. Nc1 Qf8 39. Ne2 Qe7 40. Rf2 Qc7 41. Rhf1 Raf8 42. Rh1 Kg7 43. Rh3 Be7 44. Rg3 Qd8 45. Rf1 Qb6 46. Rh3 Bd8 47. Rg3 Be7 48. Rh3 Nd8 49. f4 exf4 50. Nxf4 Qc6 51. Rhf3 Qd7 52. Ne2 Rxf3 53. Rxf3 Qg4+ 54. Ng3 Rxf3 55. Qxf3 Qxh4 56. Bxa5 Ne6 57. Bd2 Bxg5 58. Be1 Nf4+ 59. Kg1 Qh3 60. e5 Qd7 61. Ne4 Qf5 62. Nxc5 Qxe5 63. Ne4 Qf5 64. Bf2 d3 65. Bd4+ Kg8 66. Be3 Ne2+ 67. Kf2 Bxe3+ 68. Kxe3 Qxf3+ 69. Kxf3 Nd4+ 70. Ke3 Nxb3 71. Kxd3 Kf7 72. Nd6+ Ke6 73. Nxb7 h4 74. Ke3 Kd7 75. a5 Kc7 76. a6 g5 77. Kf2 g4 78. c5 h3 79. Nd6 Nxc5 80. a7 Ne4+ 81. Kg1 Kxd6 82. a8Q Ke5 83. Qe8+ Kf4 84. Kh2 Kf5 85. Qf8+ Ke5 86. Qg7+ Kf4 87. Qh6+ Kf5 88. Qh7+ Kf4 89. Qf7+ Kg5 90. Qf8 Nf6 91. Qc5+ Kf4 92. Qd6+ Kf5 93. Qd3+ Ne4 94. Qf1+ Kg5 95. Qc4 Kf4 96. Qf7+ Kg5 97. Qg8+ Kf4 98. Qf7+ Kg5 99. Qg7+ Kf4 100. Qh6+ Kf5 101. Qe3 Ke5 102. Qxh3 gxh3 103. Kxh3 1/2-1/2

[Event "South African op"]
[Site "Durban"]
[Date "2017.07.15"]
[Round "3"]
[White "Zwakala, Ntando"]
[Black "Mahlangu, Sipho"]
[Result "1/2-1/2"]
[WhiteElo "2020"]
[BlackElo "1739"]
[PlyCount "60"]
[EventDate "2017.07.14"]
[EventType "swiss"]
[EventRounds "11"]
[EventCountry "RSA"]
[SourceTitle "EXT 2018"]
[Source "ChessBase"]
[SourceDate "2017.10.13"]
[SourceVersion "1"]
[SourceVersionDate "2017.10.13"]
[SourceQuality "1"]

1. e4 c5 2. Nf3 d6 3. Bb5+ Bd7 4. Bxd7+ Qxd7 5. 0-0 e5 6. c3 Nc6 7. d4 cxd4 8. cxd4 Nf6 9. Nc3 Be7 10. d5 Nb8 11. Bg5 h6 12. Bxf6 Bxf6 13. Rc1 a5 14. a4 Na6 15. Nd2 Nc5 16. Nc4 Bd8 17. Nb5 Bc7 18. Nxe5 dxe5 19. Rxc5 Bb6 20. Rc3 0-0 21. Qh5 f5 22. Rg3 fxe4 23. Qxh6 Ra6 24. d6 e3 25. fxe3 Rxf1+ 26. Kxf1 Qf5+ 27. Ke2 Qc2+ 28. Ke1 Qc1+ 29. Ke2 Qc2+ 30. Ke1 Qc1+ 1/2-1/2

[Event "Johannesburg Tsogo Sun op"]
[Site "Johannesburg"]
[Date "2015.07.19"]
[Round "8"]
[White "Zwakala, Ntando"]
[Black "Klaver, Cornelis"]
[Result "1/2-1/2"]
[WhiteElo "2025"]
[BlackElo "2083"]
[PlyCount "78"]
[EventDate "2015.07.15"]
[EventType "swiss"]
[EventRounds "9"]
[EventCountry "RSA"]
[SourceTitle "CBM 167 Extra"]
[Source "ChessBase"]
[SourceDate "2015.09.14"]
[SourceVersion "1"]
[SourceVersionDate "2015.09.14"]
[SourceQuality "1"]

1. e4 c5 2. Nf3 Nc6 3. Bb5 e5 4. 0-0 Bd6 5. c3 Nge7 6. a4 a6 7. Bc4 0-0 8. d4 cxd4 9. cxd4 exd4 10. Nxd4 Qc7 11. h3 Nxd4 12. Qxd4 Be5 13. Qd3 Nc6 14. Nc3 Nb4 15. Qe2 b6 16. Be3 Bb7 17. Rac1 Rac8 18. Bb3 Bxc3 19. bxc3 Nc6 20. Bd5 Na5 21. Rfd1 Nc4 22. Bxb7 Qxb7 23. Bd4 Qc6 24. Rd3 f6 25. Rg3 Rf7 26. Qg4 Qe6 27. Qf4 Re8 28. Re1 Qc6 29. h4 d5 30. h5 Qd6 31. Qxd6 Nxd6 32. Bxb6 dxe4 33. Bc5 Nf5 34. Rg4 Rc7 35. Bb4 e3 36. Rf4 exf2+ 37. Kxf2 Rxe1 38. Kxe1 Ne3 39. Ke2 Nd5 1/2-1/2

[Event "Johannesburg Tsogo Sun op"]
[Site "Johannesburg"]
[Date "2015.07.18"]
[Round "6"]
[White "Zwakala, Ntando"]
[Black "Ovcina, Dennis"]
[Result "1-0"]
[WhiteElo "2025"]
[BlackElo "2233"]
[PlyCount "79"]
[EventDate "2015.07.15"]
[EventType "swiss"]
[EventRounds "9"]
[EventCountry "RSA"]
[SourceTitle "CBM 167 Extra"]
[Source "ChessBase"]
[SourceDate "2015.09.14"]
[SourceVersion "1"]
[SourceVersionDate "2015.09.14"]
[SourceQuality "1"]

1. e4 c5 2. c3 g6 3. d4 cxd4 4. cxd4 d5 5. e5 Nc6 6. h3 h5 7. Nc3 Nh6 8. Nf3 Nf5 9. Bb5 e6 10. Bg5 Be7 11. Bxe7 Qxe7 12. Rc1 Bd7 13. Qd2 Qb4 14. Bxc6 Bxc6 15. 0-0 Kf8 16. Qf4 Qe7 17. Rc2 Kg7 18. Rfc1 Rad8 19. Nd1 h4 20. Rc5 a6 21. b3 Rh5 22. a4 Kh7 23. Nb2 Rg8 24. Nh2 Nh6 25. Ng4 Nxg4 26. hxg4 Rh6 27. R1c3 g5 28. Qd2 h3 29. Rxh3 Rxh3 30. gxh3 f5 31. exf6 Qxf6 32. Qe3 Be8 33. Nd3 Bg6 34. Ne5 Be4 35. Rc7+ Rg7 36. Qc1 Qh6 37. Rxg7+ Qxg7 38. Qc8 Qe7 39. f3 Bg6 40. Qh8+ 1-0

[Event "Johannesburg Tsogo Sun op"]
[Site "Johannesburg"]
[Date "2015.07.15"]
[Round "1"]
[White "Basson, Petrus"]
[Black "Zwakala, Ntando"]
[Result "0-1"]
[WhiteElo "1701"]
[BlackElo "2025"]
[PlyCount "61"]
[EventDate "2015.07.15"]
[EventType "swiss"]
[EventRounds "9"]
[EventCountry "RSA"]
[SourceTitle "CBM 167 Extra"]
[Source "ChessBase"]
[SourceDate "2015.09.14"]
[SourceVersion "1"]
[SourceVersionDate "2015.09.14"]
[SourceQuality "1"]

1. e4 c5 2. Nf3 e6 3. d4 cxd4 4. Nxd4 a6 5. Nc3 Qc7 6. Bd3 Nf6 7. 0-0 Be7 8. Qe2 d6 9. Bd2 0-0 10. a4 b6 11. Rae1 Nbd7 12. Nb3 Bb7 13. f4 e5 14. f5 Rfd8 15. Rf3 d5 16. exd5 Nxd5 17. Be4 Nc5 18. Nxd5 Bxd5 19. Bxd5 Rxd5 20. c4 Rdd8 21. Nxc5 Bxc5+ 22. Be3 f6 23. b4 Bxb4 24. Rb1 Bc5 25. Bxc5 Qxc5+ 26. Qe3 Rd4 27. h3 e4 28. Rg3 Rad8 29. Kh2 Qc7 30. Kg1 Rd3 31. Kf1 0-1

[Event "Commonwealth & RSA op"]
[Site "Port Elizabeth"]
[Date "2013.07.08"]
[Round "4"]
[White "Zwakala, Ntando"]
[Black "Roy Chowdhury, Saptarshi"]
[Result "0-1"]
[WhiteElo "2069"]
[BlackElo "2500"]
[PlyCount "72"]
[EventDate "2013.07.06"]
[EventType "swiss"]
[EventRounds "11"]
[EventCountry "RSA"]
[SourceTitle "CBM 155 Extra"]
[Source "ChessBase"]
[SourceDate "2013.08.26"]
[SourceVersion "1"]
[SourceVersionDate "2013.08.26"]
[SourceQuality "1"]

1. e4 c5 2. Nf3 Nc6 3. Bb5 e6 4. 0-0 Nge7 5. c3 a6 6. Ba4 d5 7. exd5 Nxd5 8. Ne5 Bd7 9. Bxc6 Bxc6 10. Nxc6 bxc6 11. d4 Qc7 12. dxc5 Bxc5 13. c4 Nf6 14. Nc3 Rd8 15. Qf3 Bd4 16. Bf4 e5 17. Bg5 Rd6 18. Ne2 c5 19. Nxd4 cxd4 20. Qa8+ Qd8 21. Qxd8+ Kxd8 22. Rfe1 Re8 23. Rad1 Kd7 24. f3 Kc6 25. b3 Nd7 26. Bc1 h5 27. Ba3 Rde6 28. Kf2 f6 29. Bb2 Nc5 30. Re2 g6 31. Ba3 Rd8 32. Bb2 Rd7 33. g3 Rd8 34. Bc3 Ra8 35. Bb2 Ree8 36. Kg2 Rad8 0-1

[Event "Wch U20 51st"]
[Site "Athens"]
[Date "2012.08.11"]
[Round "9"]
[White "Gantar, Jan"]
[Black "Zwakala, Ntando"]
[Result "1-0"]
[WhiteElo "2218"]
[BlackElo "2054"]
[PlyCount "89"]
[EventDate "2012.08.02"]
[EventType "swiss"]
[EventRounds "13"]
[EventCountry "GRE"]
[SourceTitle "CBM 149 Extra"]
[Source "ChessBase"]
[SourceDate "2012.08.24"]
[SourceVersion "1"]
[SourceVersionDate "2012.08.24"]
[SourceQuality "1"]

1. e4 e5 2. Nf3 Nc6 3. Bc4 Nf6 4. d3 Be7 5. 0-0 0-0 6. Bb3 d6 7. c3 h6 8. Nbd2 Na5 9. Bc2 c5 10. a3 Re8 11. b4 Nc6 12. Re1 Bf8 13. Nf1 Qc7 14. Ng3 g6 15. h3 Bg7 16. Be3 b6 17. Qd2 Kh7 18. d4 exd4 19. cxd4 Ba6 20. Rac1 Rad8 21. Bb1 Bb7 22. Qc2 d5 23. dxc5 dxe4 24. cxb6 Qd7 25. b5 Nb4 26. Ng5+ hxg5 27. axb4 axb6 28. Bxg5 Qxb5 29. Bxf6 Bxf6 30. Nxe4 Bg7 31. Qc7 Rd7 32. Qg3 Rde7 33. Bd3 Qd5 34. Ng5+ Kg8 35. Rxe7 Rxe7 36. Bc4 Qd2 37. Rf1 Qxb4 38. Qb8+ Bf8 39. Bxf7+ Kg7 40. Ba2 Ba6 41. Rb1 Re1+ 42. Rxe1 Qxe1+ 43. Kh2 Qxf2 44. Qe5+ Kh6 45. Nf7+ 1-0

[Event "Wch U20 51st"]
[Site "Athens"]
[Date "2012.08.04"]
[Round "3"]
[White "Jefic, Srdjan"]
[Black "Zwakala, Ntando"]
[Result "0-1"]
[WhiteElo "2165"]
[BlackElo "2054"]
[PlyCount "102"]
[EventDate "2012.08.02"]
[EventType "swiss"]
[EventRounds "13"]
[EventCountry "GRE"]
[SourceTitle "CBM 149 Extra"]
[Source "ChessBase"]
[SourceDate "2012.08.24"]
[SourceVersion "1"]
[SourceVersionDate "2012.08.24"]
[SourceQuality "1"]

1. e4 c5 2. Nf3 e6 3. d4 cxd4 4. Nxd4 Nc6 5. Nc3 a6 6. Nxc6 bxc6 7. Bd3 d5 8. 0-0 Nf6 9. Qe2 Be7 10. Na4 Qc7 11. c4 0-0 12. e5 dxc4 13. Bxc4 Nd5 14. b3 c5 15. f4 f5 16. Ba3 Bd7 17. Rac1 Bxa4 18. bxa4 Qc6 19. Bb3 Kh8 20. Qf3 Rac8 21. Rfd1 Rfd8 22. Rc4 Rc7 23. Rdc1 Rdc8 24. Rd1 g6 25. h3 h6 26. Kh2 Kh7 27. Rc2 Rd8 28. Rcd2 Rcd7 29. Rc2 Rc7 30. Rdc1 Qb6 31. Rc4 a5 32. Qf2 Nb4 33. Bxb4 axb4 34. Rd1 Rxd1 35. Bxd1 Rd7 36. Bb3 Kg7 37. Qe3 Qd8 38. Rc1 Rd3 39. Qe2 Qd4 40. Rc4 Qd8 41. Rc1 h5 42. Rd1 c4 43. Bc2 Rd4 44. g3 h4 45. g4 Bc5 46. gxf5 exf5 47. Kg2 Qd5+ 48. Kh2 b3 49. axb3 cxb3 50. Bxb3 Qxb3 51. Rg1 Rd3 0-1

[Event "Wch U20 51st"]
[Site "Athens"]
[Date "2012.08.02"]
[Round "1"]
[White "Soors, Stef"]
[Black "Zwakala, Ntando"]
[Result "1/2-1/2"]
[WhiteElo "2364"]
[BlackElo "2054"]
[PlyCount "120"]
[EventDate "2012.08.02"]
[EventType "swiss"]
[EventRounds "13"]
[EventCountry "GRE"]
[SourceTitle "CBM 149 Extra"]
[Source "ChessBase"]
[SourceDate "2012.08.24"]
[SourceVersion "1"]
[SourceVersionDate "2012.08.24"]
[SourceQuality "1"]

1. e4 c5 2. c3 e6 3. Nf3 d5 4. exd5 exd5 5. d4 Nf6 6. Bg5 cxd4 7. Bb5+ Nc6 8. 0-0 Be7 9. Nxd4 Bd7 10. Bxf6 Bxf6 11. Re1+ Kf8 12. Nb3 a6 13. Be2 d4 14. cxd4 Bf5 15. Bg4 Nxd4 16. Bxf5 Nxf5 17. Qg4 g6 18. Nc3 Bxc3 19. bxc3 Qf6 20. Qb4+ Kg7 21. Qxb7 Qxc3 22. Rac1 Rhe8 23. Rf1 Qf6 24. Rc6 Qg5 25. Rxa6 Rxa6 26. Qxa6 Nh4 27. Qc6 Rc8 28. f4 Qg4 29. Qd5 Rc2 30. Rf2 Rxf2 31. Qd4+ Kg8 32. Qxf2 Qd1+ 33. Qf1 Qc2 34. h3 Qxa2 35. Qf2 Qxb3 36. Qxh4 Qe6 37. Qd8+ Kg7 38. Qd4+ Kg8 39. Kf2 h5 40. Qe5 Qb3 41. Qe8+ Kg7 42. Qe5+ Kg8 43. Qe3 Qc2+ 44. Qe2 Qc5+ 45. Qe3 Qc2+ 46. Qe2 Qc5+ 47. Kg3 Qd6 48. Qe5 Qd3+ 49. Kh4 Qd8+ 50. Kg3 Qd3+ 51. Kh2 Kh7 52. Qf6 Qc4 53. Kg3 Qb3+ 54. Kh4 Qd5 55. g3 Qa2 56. Qe7 Qd5 57. Qg5 Qf3 58. Qe5 Qd3 59. Qf6 Qc4 60. Qe7 Qd5 1/2-1/2